Catalog

Record Details

Catalog Search



The whole way home : a novel  Cover Image CD Audiobook CD Audiobook

The whole way home : a novel / Sarah Creech.

Creech, Sarah, (author.). Parker, Johanna, (narrator.). Hagen, Don, (narrator.).

Summary:

When a record label reunites country singer Joanne Lover and Nashville heartthrob J.D. Gunn for a show, the old sparks fly, the duet they sing goes viral, and fans begin clamoring for more--igniting the media's interest in Jo. Why is a small-town girl like Jo so quiet about her past? When did she and J.D. first meet? What split them apart? All too soon, the painful secret she's been hiding is uncovered; a shocking revelation that threatens to destroy her reputation and her dreams.

Record details

  • ISBN: 9781538420164
  • ISBN: 1538420163
  • ISBN: 9781538420157
  • ISBN: 1538420155
  • Physical Description: 9 audio discs (10 1/2 hr.) : CD audio, digital ; 4 3/4 in.
  • Edition: Unabridged.
  • Publisher: [New York] : Blackstone Publishing, HarperCollins, [2017]

Content descriptions

General Note:
Compact discs.
Participant or Performer Note:
Performed by Johanna Parker and Don Hagen.
Subject: Country musicians > Fiction.
Singers > Fiction.
Nashville (Tenn.) > Fiction.
Genre: Audiobooks.
Romance fiction.
Love stories.

LDR 02030nim a2200445Ki 4500
001143889
003CONS
00520170707090424.0
008170125s2017 nyunnnne f n eng d
007sd fsngnnmmned
020 . ‡a9781538420164 ‡q(sound recording)
020 . ‡a1538420163 ‡q(sound recording)
020 . ‡a9781538420157 ‡q(sound recording)
020 . ‡a1538420155 ‡q(sound recording)
035 . ‡a(CPomAG)LMN600546
050 4. ‡aPS3603.R443 ‡bW56 2017ab
08204. ‡a813/.6 ‡223
1001 . ‡aCreech, Sarah, ‡eauthor.
24514. ‡aThe whole way home : ‡ba novel / ‡cSarah Creech.
250 . ‡aUnabridged.
264 1. ‡a[New York] : ‡bBlackstone Publishing, HarperCollins, ‡c[2017]
300 . ‡a9 audio discs (10 1/2 hr.) : ‡bCD audio, digital ; ‡c4 3/4 in.
336 . ‡aspoken word ‡bspw ‡2rdacontent
337 . ‡aaudio ‡bs ‡2rdamedia
338 . ‡aaudio disc ‡bsd ‡2rdacarrier
344 . ‡adigital ‡boptical ‡2rda
347 . ‡aaudio file ‡bCD audio ‡2rda
500 . ‡aCompact discs.
5110 . ‡aPerformed by Johanna Parker and Don Hagen.
520 . ‡aWhen a record label reunites country singer Joanne Lover and Nashville heartthrob J.D. Gunn for a show, the old sparks fly, the duet they sing goes viral, and fans begin clamoring for more--igniting the media's interest in Jo. Why is a small-town girl like Jo so quiet about her past? When did she and J.D. first meet? What split them apart? All too soon, the painful secret she's been hiding is uncovered; a shocking revelation that threatens to destroy her reputation and her dreams.
650 0. ‡aCountry musicians ‡vFiction.
650 0. ‡aSingers ‡vFiction.
651 0. ‡aNashville (Tenn.) ‡vFiction.
655 7. ‡aAudiobooks. ‡2lcgft
655 7. ‡aRomance fiction. ‡2lcgft
655 7. ‡aLove stories. ‡2gsafd
7001 . ‡aParker, Johanna, ‡enarrator.
7001 . ‡aHagen, Don, ‡enarrator.
959 . ‡i32269001031924 ‡lBk/CD Cre ‡aAdult - Audiobook ‡tAudiobook ‡g40.00
852 . ‡p32269001031924 ‡jBk/CD Cre ‡gAdult - Audiobook ‡cAudiobook ‡y40.00 ‡bSBPL
901 . ‡a143889 ‡bUnknown ‡c143889 ‡tbiblio

Additional Resources